000 00995nam0a22002651 4500
001 rc\4797386
005 20250612185231.0
035 _a(NLR Aleph) 008791051
090 _a8041303
_c8041303
100 _a20130426d1966 |||y0rusy50 ca
101 0 _arus
102 _aRU
105 _aa z |||||
200 1 _aК вопросу защиты сооружений предохранительными мембранами при малых разрушающих нагрузках в процессе взрыва пропано- и водородо-воздушных смесей
210 _aБ. м.
_cБ. и.
_d1966
215 _a6 с.
_cил.
_d29
225 1 _aЦИАМ. Технический отчет
_v№ 265
320 _aБиблиогр.: с. 6
333 _aДля служебного пользования. Экз. № 5
700 1 _aШатин
_bЮ.З.
801 0 _aRU
_bNLR
_gpsbo
801 1 _aRU
_bELAR
_2rusmarc
852 _aNLR
_jП11/1949
942 _cBOOK
980 _aNB